| 000 | 00609nam a2200193 a 4500 | ||
|---|---|---|---|
| 001 | 000019794 | ||
| 005 | 20200929170136.0 | ||
| 008 | 100706s1973 ag r 000 f spa d | ||
| 040 |
_aDO-SdBNP _bspa _cBNPHU |
||
| 082 |
_a863.3 _bL431tor |
||
| 245 | 0 | 3 |
_aEl lazarillo de Tormes / _cAnónimo ; presentación de Ramón Menéndez Pidal. |
| 260 |
_aBuenos Aires, Argentina : _bHuella, _c1973. |
||
| 300 |
_a125 p. ; _c18 cm. |
||
| 650 | 4 |
_aNovela española _91123 |
|
| 650 | 4 |
_aNovela picaresca española _942269 |
|
| 650 | 4 |
_aLiteratura española _9632 |
|
| 700 | 1 |
_aMenéndez Pidal, Ramón _942272 |
|
| 910 | _aWM | ||
| 999 |
_c19307 _d19307 |
||